| 000 | 01006cam a22002655a 4500 | ||
|---|---|---|---|
| 001 | L158329 | ||
| 008 | 100208s2014 xxko f 000 0 eng d | ||
| 020 | _a9781848063952 | ||
| 035 | _a(Sirsi) u158329 | ||
| 041 | 0 | _aeng | |
| 050 | 0 | 4 | _a531.6 $2 18 |
| 100 | 1 | _aWeeks, Caroline | |
| 245 | 0 | 0 |
_aEnergy efficient refurbishment of community centres _bFindings from the U Choose 2 Retrofit scheme in Cornwall |
| 260 |
_aWatford _bBRE _c2014 |
||
| 300 |
_a12p. _bill. _c30cm. |
||
| 490 | 0 |
_aBRE Information Paper _v(13/14) |
|
| 520 | _aPresents guidance and lessons learned from the refurbishment of several community centres in Cornwall. It provides guidance for the community groups who run their own centres and are looking into potential energy-saving adjustments they can make to their community buildings. | ||
| 521 | _aAdvanced | ||
| 590 | _aKA | ||
| 650 | 2 | 4 | _aENERGY EFFICIENCY IN BUILDINGS |
| 651 | 4 |
_aUnited Kingdom _y |
|
| 690 |
_aEnergy _96237 |
||
| 700 | 1 | _aSutton, Andy | |
| 942 | _n0 | ||
| 999 |
_c115268 _d115268 |
||